| 000 | 01181pam a2200289 a 4500 | ||
|---|---|---|---|
| 999 |
_c332153 _d332153 |
||
| 001 | 4397067 | ||
| 003 | NUST | ||
| 005 | 20171115122801.0 | ||
| 008 | 920916s1993 flua b 000 0 eng | ||
| 010 | _a 92035493 | ||
| 020 | _a0849387205 (acidfree paper) | ||
| 040 |
_aDLC _cDLC _dDLC |
||
| 050 | 0 | 0 |
_aTD793 _b.H48 1993 |
| 082 | 0 | 0 |
_a628.420287 HET _220 |
| 245 | 0 | 0 |
_aHeterogeneous wastes characterization : _bmethods and recommendations / _cEdited by Gretchen L. Rupp, Roy R. Jones, Sr. |
| 260 |
_aBoca Raton, FL : _bC.K. Smoley, _cc1993. |
||
| 300 |
_axiv, 144 p. : _bill. ; _c27 cm. |
||
| 500 | _aH.B | ||
| 504 | _aIncludes bibliographical references. | ||
| 650 | 0 |
_aRefuse and refuse disposal _xTesting. _96402 |
|
| 650 | 0 |
_aHazardous substances _xAnalysis. _96403 |
|
| 650 | 0 |
_aRadioisotopes _xAnalysis. _96404 |
|
| 700 | 1 |
_aRupp, Gretchen L. _96405 |
|
| 700 | 1 |
_aJones, Roy R. _96406 |
|
| 856 | 4 | 2 |
_3Publisher description _uhttp://www.loc.gov/catdir/enhancements/fy0744/92035493-d.html |
| 906 |
_a7 _bcbc _corignew _d1 _eocip _f19 _gy-gencatlg |
||
| 942 |
_2ddc _cBK _kIESE |
||